Dans quel univers peut-on voir cet œuf ? - Statistiques

Statistiques générales
  • Ce quiz a été pris 35 fois
  • Le résultat moyen est 8 sur 18
Statistiques - réponses
Par images Réponse % Correct
Mario
100%
Pokémon
94%
Le Chat Potté
77%
Game of Thrones
68%
Alien
65%
Wakfu
61%
The Legend of Zelda
55%
Fairy Tail
52%
Gremlins
35%
Yu-Gi-Oh!
35%
Berserk
32%
World of Warcraft
32%
Harry Potter
13%
Metroid
13%
Eragon
10%
The Elder Scrolls
10%
Hazzbin Hôtel
3%
Jojo's Bizarre Adventure
0%
Aucun quiz correspondant
Distribution des résultats
% des personnes avec chaque résultat
Percentile par nombre de réponses
Votre historique - résultats
Vous n’avez pas pris ce quiz